Statistics for Movies by Plot Hole

Click here to take the quiz!

General Stats

  • This quiz has been taken 16,687 times
  • The average score is 9 of 17

Answer Stats

Plot Hole Movie % Correct
It would take decades for a T-Rex to reach maturityJurassic Park
95%
When the main character instantly doubles in size, his pants remain intactThe Incredible Hulk
72%
Why not use the eagles for transportation, rather than take an arduous journey on foot?The Lord of the Rings:
The Return of the King
66%
It would have been far easier to train astronauts to drill than vice versaArmageddon
64%
The Nazis were digging in the wrong place - why not just let them?Raiders of the Lost Ark
64%
Why didn't Hitler have any soldiers guarding the theater doors?Inglourious Basterds
62%
It's highly unlikely that alien computers would be compatible with Earth computersIndependence Day
62%
Kevin can't be called because the phones are down - but he still orders
pizza from Little Nero's
Home Alone
60%
Flying around the Earth really fast does not make time go backwardsSuperman
60%
Kicks to the face were against the rules of the tournamentThe Karate Kid
58%
The main character already wished to be a prince - why does he have to do it again?Aladdin
54%
The computers use humans as batteries - why not just use cows?The Matrix
54%
They rebuilt the second space station with the exact same design flaw as the firstReturn of the Jedi
52%
The Hubble telescope and International Space Station have different orbitsGravity
43%
It would take far more than 500 years for people to evolve gillsWaterworld
38%
The main character was transformed at age 11. Where did the portrait of
his adult, human self come from?
Beauty and the Beast
17%
If you have a sword that kills the giant monsters, why not use it right away?Pacific Rim
13%

Score Distribution

Percentile by Number Answered

Percent of People with Each Score

Your Score History

You have not taken this quiz